000 00737nas a2200253 4500
001 BR9501097
003 BR-BrBNA
005 20231205093901.0
007 ta
008 230509b bl.|||p| |||| 00| 00por d
040 _aBR-BrBNA
_bpor
_cBiblioteca Nacional de Agricultura
041 _a(Pt)
072 _aL53
100 1 _aAugusto, C.
100 1 _aGacek, F.
100 1 _aArtes, R.
245 1 _aVariacao estacional da osmolalidade do plasma seminal de equinos
650 _aEquino
650 _aVariacao Sazonal
650 _aSemen
773 0 _tRevista Brasileira de Reproducao Animal (Brazil)
_xISSN 0102-0803
_g(1992), v. 16(1-2) p. 13-22
_wBR9501097
909 _a202311
_bLúcia
_c55
_dLúcia Elande
942 _2AGRIS
_n0
_cANA
999 _c140902
_d140902